Journal of Risk and Financial Management

Salvato in:
Dettagli Bibliografici
Natura: Periodico
Lingua:inglese
Pubblicazione: Basel MDPI
Tags: Aggiungi Tag
Nessun Tag, puoi essere il primo ad aggiungerne!!

MARC

LEADER 00000nas1a2200000 4500
001 0272742
005 20250701092114.4
022 |a 1911-8066 
022 |a 1911-8074 
041 0 |a eng 
044 |a CH 
245 1 0 |a Journal of Risk and Financial Management 
264 1 |a Basel  |b MDPI 
500 |a Od 3/2023 je časopis vyradený z databázy Web of Science 
500 |a Od vzniku časopisu bez metrík IF a JCR kvartil